América. La condena. La muralla china /

Guardado en:
Autor Principal: Kafka, Franz.
Otros Autores: Volgemann, D. J.; trad., Wilcock, J. R.; trad., Pipping, Alfredo; trad., Ruiz Guiñazu, Alejandro; trad.
Formato: Libro
Idioma:Undetermined
Publicado: Barcelona : Seix Barral, 1985.
Series:Summa literaria ; 7
Materias:
Etiquetas: Agregar Etiqueta
Sin Etiquetas, Sea el primero en etiquetar este registro!
LEADER 02175nam a22002415a 4500
001 CEM.cems024598
008 250519s1985####sp############000#0#und#d
005 20250519185413.0
245 1 0 |a América. La condena. La muralla china /  |c Franz Kafka. 
260 |a Barcelona :  |b Seix Barral,  |c 1985. 
300 |a 609 p. 
490 1 |a Summa literaria ;  |v 7 
505 0 |a AMÉRICA -- El fogonero -- El tío -- Una quinta en las afueras de Nueva York -- Camino a Ramsés -- Hotel Occidental -- El caso Robinsón -- Un asilo -- LA CONDENA -- La condena -- Un relato -- Los aeroplanos en Brescia -- Contemplación -- Niños en un camino de campo -- Desenmascaramiento de un embaucador -- El paseo repentino -- Resoluciones -- La excursión a la montaña -- Desdicha de soltero -- El comerciante -- Contemplación distraída en la ventana -- Camino de casa -- Transeúntes -- Compañero de viaje -- Vestidos -- El rechazo -- Para que mediten los jinetes -- La ventana a la calle -- El deseo de ser piel roja -- Los árboles -- Desdicha -- Un médico rural -- El nuevo abogado -- En la galería -- Un viejo manuscrito -- Ante la ley -- Chacales y árabes -- Una visita a la mina -- El pueblo más cercano -- Un mensaje imperial -- Preocupaciones de un jefe de familia -- Once hijos -- Un fratricidio -- Un sueño -- Informe para una Academia -- En la colonia penitenciaria -- Un artista del hambre -- Una mujercita -- Un artista del trapecio -- La metamorfosis -- Josefina la cantora o El pueblo de los ratones -- Capítulo primero del libro Ricardo y Samuel -- Tres críticas -- Una novela de la juventud -- Sobre las Anécdotas de Kleist -- Hyperion -- LA MURALLA CHINA -- Descripción de una lucha -- "Él" 
500 |a TRADUCCIÓN: América: D. J. Volgemann; La Condena: J. R. Wilcock; La muralla china: Alfredo Pipping y Alejandro Ruiz Guiñazu. 
020 |a 8432224073 
100 1 |a Kafka, Franz. 
700 1 |a Volgemann, D. J.; trad. 
700 1 |a Wilcock, J. R.; trad. 
700 1 |a Pipping, Alfredo; trad. 
700 1 |a Ruiz Guiñazu, Alejandro; trad. 
653 |a Literatura checa 
653 |a Cuentos checos 
859 |a CEMS  |b BIB. CEMS - 11 de abril  |h 891.863  |i K110-12  |p 29856.25  |t Ej.1